Statistiques concernant Top 50 de l'Année 1988

Cliquez ici pour prendre le quiz!

Statistiques générales

  • Ce quiz a été pris 20 fois
  • Le résultat moyen est 11 sur 50

Statistiques - réponses

ArtistesChansons% Correct
1DEBUT DE SOIREENuit de folie
75%
22SABRINABoys (summertime love)
60%
16MIDNIGHT OILBeds are burning
55%
19CLAUDE NOUGARONougayork
55%
7GLENN MEDEIROS & ELSAUn roman d'amitié
50%
17JOHNNY CLEGG & SAVUKAAsimbonanga
40%
3MORY KANTEYé ké yé ké
40%
50A CAUS' DES GARCONSA caus' des garçons
35%
2MYLENE FARMERPourvu qu'elles soient douces
35%
25SANDYJ'ai faim de toi
30%
49ART MENGOLes parfums de sa vie (je l'ai tant aimée)
30%
12BLACKWonderful life
30%
34L'AFFAIRE LOUIS TRIOChic planète
25%
30DESIRELESSJohn
25%
14INXSNeed you tonight
25%
18FLORENT PAGNYN'importe quoi
25%
10MARRSPump up the volume
25%
13YAZZ & THE PLASTIC POPULATIONThe only way is up
25%
41KIM WILDEYou came
25%
9PACOAmor de mis amores
20%
20EIGHTH WONDERI'm not scared
20%
24ELSAJour de neige
20%
37JEVETTA STEELECalling you
15%
44MICHAEL JACKSONDirty Diana
15%
5MILLI VANILLIGirl you know it's true
15%
42THE COMMUNARDSNever can say goodbye
15%
6GLENN MEDEIROSNothing's gonna change my love for you
15%
15S-EXPRESSTheme from S-express
15%
33THE PASADENASTribute (right on)
15%
46PHIL COLLINSA groovy kind of love
10%
32PET SHOP BOYSAlways on my mind
10%
45WET WET WETAngel eyes
10%
23DEPECHE MODEBehind the wheel
10%
40ETIENNE DAHOBleu comme toi
10%
21GIANNA NANNINII maschi
10%
47BROSI owe you nothing
10%
8KYLIE MINOGUEI should be so lucky
10%
39NINA SIMONEMy baby just cares for me
10%
27GEORGE MICHAELOne more try
10%
11TERENCE TRENT D'ARBYSign your name
10%
4A-HAStay on these roads
10%
36TRACY CHAPMANTalkin' 'bout a revolution
10%
43A-HATouchy!
10%
48BROSWhen will I be famous?
10%
26U2Desire
5%
35GEORGE MICHAELFather figure
5%
31GUESCH PATTILet be must the queen
5%
28VANESSA PARADISMarilyn & John
5%
38RICK ASTLEYTogether forever
5%
29RICK ASTLEYWhenever you need somebody
5%

Distribution des résultats

Percentile par nombre de réponses

% des personnes avec chaque résultat

Votre développement - résultats

Vous n’avez pas pris ce quiz